Groupes et chanteurs des années 80 - 90 - Statistiques

Statistiques générales
  • Ce quiz a été pris 33 fois
  • Le résultat moyen est 4 sur 16
Statistiques - réponses
Par images Réponse % Correct
Indochine
84%
Etienne Daho
71%
Debut de Soirée
61%
Images
61%
Gold
52%
Elli Medeiros
19%
Arnold Turboust
10%
Eric Morena
10%
Gerard Blanchard
10%
Pigalle
10%
Taxi Girl
10%
Les Calamités
6%
Zouc Machine
3%
Dennis Twist
0%
Regg Liss
0%
Starshooter
0%
Aucun quiz correspondant
Distribution des résultats
% des personnes avec chaque résultat
Percentile par nombre de réponses
Votre historique - résultats
Vous n’avez pas pris ce quiz